Bapuji and other Poems/ (Record no. 213794)

MARC details
000 -LEADER
fixed length control field 00487nam a22001937a 4500
005 - DATE AND TIME OF LATEST TRANSACTION
control field 20260604112514.0
010 ## - LCCN (DPL NO)
LC control number ENG-147117 ENG-148733
020 ## - INTERNATIONAL STANDARD BOOK NUMBER
Terms of availability 175.00
035 ## - SYSTEM CONTROL NUMBER
System control number EN-130649
035 ## - SYSTEM CONTROL NUMBER
System control number EN-132265
037 ## - SOURCE OF ACQUISITION
Source of stock number/acquisition DBAD
082 ## - DEWEY DECIMAL CLASSIFICATION NUMBER
Classification number 881
Edition number 1
100 ## - MAIN ENTRY--PERSONAL NAME
Personal name Humayun Kabir
245 ## - TITLE STATEMENT
Title Bapuji and other Poems/
Statement of responsibility, etc Humayun Kabir
260 ## - PUBLICATION, DISTRIBUTION, ETC. (IMPRINT)
Place of publication, distribution, etc Utkal
Name of publisher, distributor, etc Jahangir Kabir
Date of publication, distribution, etc 2023
270 ## - ADDRESS
City Utkal
300 ## - PHYSICAL DESCRIPTION
Extent 91p.
Dimensions 19cm(hb)
942 ## - ADDED ENTRY ELEMENTS (KOHA)
Source of classification or shelving scheme Dewey Decimal Classification
Item type English Books
Classification part 881
Call number suffix HUM
Holdings
Withdrawn status Lost status Not for loan Collection code Home library Current library Date acquired Source of acquisition Cost, normal purchase price Full call number Barcode Copy number Cost, replacement price Koha item type
    Not For Loan Non-fiction D.B.Act.Division D.B.Act.Division 04/06/2026 Delivery of Books Act Division 175.00 881 HUM EN-132265 1 175.00 English Books
      Non-fiction Sarojini Nagar Sarojini Nagar 21/11/2025 Delivery of Books Act Division 175.00 881 HUM EN-130649 1 175.00 English Books

© Delhi Public Library
Hit Counter
free hit counter